| 000 | 00654nam a22002175a 4500 | ||
|---|---|---|---|
| 005 | 20201128021330.0 | ||
| 008 | 150624s2014 ii a fr 001 0 eng d | ||
| 020 | _a9789350908402 | ||
| 040 |
_aEG-ScBUE _beng _dEG-ScBUE |
||
| 082 | 0 | 4 |
_222 _bLUC _a610.73 |
| 100 | 1 |
_aLucita, Mary. _938426 |
|
| 245 | 1 | 0 |
_aClinical nursing : _bconcepts and trends / _cMary lucita. |
| 250 | _a1st ed. | ||
| 260 |
_aNew Delhi : _bJaypee Brothers Medical Publishers, _c2014. |
||
| 300 |
_axviii, 324 p. : _bill. ; _c24 cm. |
||
| 500 | _aIndex : p. 319-324. | ||
| 650 | 7 |
_2BUEsh _92162 _aNursing. |
|
| 651 | _2BUEsh | ||
| 653 |
_bNNUR _cJune2015 _cSeptember2015 |
||
| 942 | _2ddc | ||
| 999 |
_c19873 _d19845 |
||